• 首页
  • 本馆介绍
  • 公告通知
  • 最新文献
  • 馆藏检索
  • 电子资源
  • 读者导购
  • 参考咨询
  • 我的图书馆
  • 登录
  • 详细信息显示
  • 放入我的书架
  • 预约/预借图书
  • 作者相关作品
  • 分类相关作品
  • 丛书相关作品
  • 出版社相关作品

书目信息

  • 表格格式
  • 工作单格式
  • 卡片格式
题名:
系统分析与设计
    
 
作者: 美John W.Satzinger 著 ;朱群雄 译
分册:  
出版信息: 北京   电子工业出版社  2003.09
页数: 812页
开本: 24cm
丛书名: 软件工程丛书
单 册:
中图分类: TP202
科图分类:
主题词: 信息系统--系统分析 , 信息系统--系统设计 , 信息系统 , 系统分析 , 自动化技术 , 自动化设备
电子资源:
ISBN: 7-5053-9085-6
000 01286nam2 2200361 450
001 073000000149
005 20031022130019.0
010    @a7-5053-9085-6@dCNY82.00
100    @a20041224d2003 em y0chiy0110 ea
101 1  @achi@ceng
102    @aCN@b110000
105    @ay z 000yy
200 1  @a系统分析与设计@Axi tong fen xi yu she ji@d=Systems Analysis and Design in a Changing World@f[美]John W.Satzinger等著@F[mei]John W.Satzinger deng zhu@g朱群雄等译@Gzhu qun xiong deng yi
205    @a2版
210    @a北京@c电子工业出版社@d2003.09
215    @a812页@d24cm
225 2  @a软件工程丛书
330    @a本书以概念为基础,注重方法与实践,深入系统地讲述了现代系统分析员、系统分析任务、系统设计任务及实施与支持四个方面的内容。
410  0 @12001 @a软件工程丛书
510    @a=Systems Analysis and Design in a Changing World
606 0  @a信息系统@x系统分析
606 0  @a信息系统@x系统设计
606 0  @a信息系统
606 0  @a系统分析
606 0  @a自动化技术
606 0  @a自动化设备
690    @aTP202@v4
701  0 @a美John W.Satzinger@Amei John W.Satzinger@4著
702  0 @a朱群雄@Azhu qun xiong@4译
801  0 @aCN@bNLC@c20041224
905    @aBZT@dTP202@e1@f6
906    @dCNY82.00@n0@r1
999    @tC@Ashuju@a20031022 13:00:17@Mshuju@m20031022 13:00:19
    
    系统分析与设计=Systems Analysis and Design in a Changing World/[美]John W.Satzinger等著/朱群雄等译.-2版.-北京:电子工业出版社,2003.09
    812页;24cm.-(软件工程丛书)
    ←并列题名:=Systems Analysis and Design in a Changing World
    
    ISBN 7-5053-9085-6:CNY82.00
    本书以概念为基础,注重方法与实践,深入系统地讲述了现代系统分析员、系统分析任务、系统设计任务及实施与支持四个方面的内容。
●
相关链接 在五车中查询图书 在当当中查询图书 在豆瓣中查询图书


正题名:系统分析与设计     索取号:TP202/1         预约/预借

序号 登录号 条形码 馆藏地/架位号 状态 备注
1 0377290   200882232   样本书库/样006架B面4层3列/ [索取号:TP202/1] 在馆    
2 0377291   200882205   中心书库中库/ 中库028架B面4列1层46/ [索取号:TP202/1] 在馆    
3 0377292   200882214   中心书库中库/ 中库028架B面4列1层44/ [索取号:TP202/1] 在馆    
4 0377293   200882189   中心书库中库/ 中库028架B面4列1层45/ [索取号:TP202/1] 在馆    
5 0377294   200882198   中心书库中库/ 中库028架B面4列1层43/ [索取号:TP202/1] 在馆    
6 0377295   200882161   中心书库中库/ 中库028架B面4列1层47/ [索取号:TP202/1] 在馆    
山东省滨州职业学院图书馆 欢迎您!
大连网信软件有限公司© 版权所有